000
00311nam a22001097a 4500
008
160422b xxu||||| |||| 00| 0 eng d
020
_a
9780323044868
041
_a
eng
080
_a
615:618.2
245
_a
Pharmacology and the Nursing process:
_c
Barbara Allerton;Diane S. Benson; Vivian Biggers;
942
_2
udc
_c
BK
999
_c
1528
_d
1528